Artificios del Deseo : La Formación del Sujeto en Querido Diego, Te Abraza Quiela

Uloženo v:
Podrobná bibliografie
Hlavní autor: Croquer, Eleonora
Médium: Neznámo
Témata:
Tagy: Přidat tag
Žádné tagy, Buďte první, kdo vytvoří štítek k tomuto záznamu!

MARC

LEADER 000000000a22000000004500
001 003195
100 1 |a Croquer, Eleonora 
245 1 0 |a Artificios del Deseo :   |b La Formación del Sujeto en Querido Diego, Te Abraza Quiela 
310 |a semestral 
500 |a Otro ejemplar con número ESPECIAL DEDICADO AL PERSONAJE DE FICCIÓN 
650 4 |a PONIATOWSKA, ELENA, 1933- 
650 4 |a QUERIDO DIEGO, TE ABRAZA QUIELA 
650 4 |a FICCION 
650 4 |a ESPACIO INTERDISCURSIVO 
650 4 |a PERSONAJES 
650 4 |a SUBJETIVIDAD 
650 4 |a LENGUAJE 
650 4 |a DISCURSO AMOROSO 
650 4 |a LECTOR 
650 4 |a PSICOANALISIS 
773 0 |x 0798-958-X  |d Venezuela : Universidad Simón Bolívar  |t Estudios: Revista de investigaciones Literarias  |g número 3 (1994), páginas 111-134 
942 |c ARC 
999 |c 9983  |d 9983